Edwards and Edwards v Surrey CC (Record no. 60286)

MARC details
000 -LEADER
fixed length control field 01152cam a2200229 4500
001 - CONTROL NUMBER
control field ABS61357
008 - FIXED-LENGTH DATA ELEMENTS--GENERAL INFORMATION
fixed length control field 000000n1999 000 0 eng u
035 ## - SYSTEM CONTROL NUMBER
System control number (Sirsi) u101037
245 ## - TITLE STATEMENT
Title Edwards and Edwards v Surrey CC
260 ## - PUBLICATION, DISTRIBUTION, ETC.
Date of publication, distribution, etc. 1999
490 ## - SERIES STATEMENT
Series statement Rating & Valuation Reporter
Volume/sequential designation [1999] 38(9) RVR 223-232(10)
520 ## - SUMMARY, ETC.
Summary, etc. 17 February 1998 LT. Dimbula, Bagshot Road, Brookwood, Surrey. Blight notice served on the council to purchase the property. The council served a counter notice, objecting that reasonable endeavours had not been made to sell. The council's scheme required a strip of forecourt along the entire frontage of the property. Whether strip could be taken without serious detriment to amenity and convenience. Whether asking price reasonable. Held, the objections to the blight notice were upheld.
590 ## - LOCAL NOTE (RLIN)
Local note ABS
650 ## - SUBJECT ADDED ENTRY--TOPICAL TERM
Topical term or geographic name entry element BLIGHT NOTICES
650 ## - SUBJECT ADDED ENTRY--TOPICAL TERM
Topical term or geographic name entry element COUNTER NOTICE
650 ## - SUBJECT ADDED ENTRY--TOPICAL TERM
Topical term or geographic name entry element EDWARDS AND EDWARDS V SURREY CC
650 ## - SUBJECT ADDED ENTRY--TOPICAL TERM
Topical term or geographic name entry element PURCHASE PRICE
650 ## - SUBJECT ADDED ENTRY--TOPICAL TERM
Topical term or geographic name entry element NOISE
650 ## - SUBJECT ADDED ENTRY--TOPICAL TERM
Topical term or geographic name entry element OBJECTIONS
690 ## - LOCAL SUBJECT ADDED ENTRY--TOPICAL TERM (OCLC, RLIN)
Topical term or geographic name as entry element ENVIRONMENTAL AND LAND CONSULTANCY-PLANNING AND DEVELOPMENT-COMPULSORY PURCHASE AND COMPENSATION
942 ## - ADDED ENTRY ELEMENTS (KOHA)
Suppress in OPAC 0
Holdings
Withdrawn status Lost status Source of classification or shelving scheme Damaged status Not for loan Home library Current library Shelving location Date acquired Total Checkouts Full call number Barcode Date last seen Copy number Price effective from Koha item type
    Dewey Decimal Classification     London London Journal article 28/10/1999   ABS61357 101037-1001 06/08/2019 1 06/08/2019 Law report